000 00639nam a22002057a 4500
003 LK-CoDNM
005 20241018111537.0
008 241018b |||||||| |||| 00| 0 eng d
040 _aLK-CoDNM
_dLK-CoDNM
_eLK-CoDNM
041 _asin
080 _aප්‍ර.ද
_b30.1
100 _aපෙරේරා,අල්විස්,පී.බී
245 _aදේදුන්න 4 වන කාණ්ඩය 5 කලාපය 1951
260 _c1951
300 _a20p ; 23cm
650 _aප්‍ර.ද 30.1
650 _aපෙරේරා,අල්විස්,පී.බී
650 _aදේදුන්න
942 _cBK
999 _c220077
_d220077